000 00715nam a2200265Ia 4500
005 20260302115805.0
008 008 260114s9999 xx 000 0 eng d
020 _a9781509965540
037 _aTextbook
040 _aCRL
040 _beng
040 _cCRL
041 _2eng
041 _aeng
084 _qCRL
100 _aMargherita Colangelo
_91122670
245 0 _aRegulation, Innovation and Competition in Pharmaceutical Markets A Comparative Study
260 _bBloomsbury
260 _bHart Publishing
260 _c2023
650 _aLaw
856 _uhttps://doi.org/10.5040/9781509965540?locatt=label:secondary_bloomsburyCollections
942 _cEBOOK
999 _c1687470
_d1687470